Statistics for Lisbon Metro Stations with a Map

Click here to take the quiz!

General Stats

  • This quiz has been taken 343 times
  • The average score is 38 of 56

Answers on the Map

Answers color-coded by a green-red scale on the quiz's map according to % correct below.
 

Answer Stats

Answer% Correct
Aeroporto
90%
Cais do Sodré
83%
Baixa-Chiado
79%
Baixa-Chiado
79%
Campo Grande
79%
Campo Grande
79%
Rossio
79%
Alameda
78%
Alameda
78%
Rato
78%
Marquês de Pombal
77%
Marquês de Pombal
77%
Santa Apolónia
77%
Odivelas
76%
Saldanha
76%
Saldanha
76%
Campo Pequeno
75%
São Sebastião
75%
São Sebastião
75%
Oriente
74%
Roma
74%
Entre Campos
73%
Martim Moniz
73%
Avenida
72%
Alvalade
70%
Parque
70%
Restauradores
70%
Telheiras
70%
Arroios
69%
Colégio Militar/Luz
68%
Intendente
68%
Jardim Zoológico
68%
Terreiro do Paço
68%
Anjos
67%
Areeiro
67%
Chelas
67%
Cidade Universitária
67%
Moscavide
66%
Olaias
64%
Praça de Espanha
64%
Picoas
63%
Reboleira
63%
Laranjeiras
61%
Amadora Este
60%
Bela Vista
60%
Olivais
58%
Alto dos Moinhos
57%
Pontinha
56%
Cabo Ruivo
55%
Senhor Roubado
55%
Encarnação
53%
Lumiar
53%
Carnide
50%
Quinta das Conchas
49%
Ameixoeira
46%
Alfornelos
42%

Score Distribution

Percentile by Number Answered

Percent of People with Each Score

Your Score History

You have not taken this quiz